Loading...
| Current Events | 6 | 13.33 | 67% | 50% | 17% |
| Fine Arts - Classical Music | 6 | 16.67 | 50% | 50% | 67% |
| Fine Arts - Other | 6 | 16.67 | 33% | 83% | 50% |
| Fine Arts - Painting & Sculpture | 9 | 17.78 | 67% | 56% | 56% |
| Geography | 4 | 15.00 | 75% | 50% | 25% |
| History - American | 6 | 15.00 | 50% | 67% | 33% |
| History - European | 8 | 15.00 | 25% | 88% | 38% |
| History - Other | 7 | 14.29 | 57% | 43% | 43% |
| History - World | 8 | 16.25 | 50% | 63% | 50% |
| Literature - American | 9 | 17.78 | 67% | 56% | 56% |
| Literature - British | 8 | 18.75 | 50% | 75% | 63% |
| Literature - European | 6 | 13.33 | 67% | 33% | 33% |
| Literature - World | 6 | 15.00 | 67% | 33% | 50% |
| Mythology | 2 | 25.00 | 100% | 50% | 100% |
| Other Academic | 6 | 15.00 | 33% | 50% | 67% |
| Philosophy | 11 | 16.36 | 73% | 46% | 46% |
| Religion | 7 | 17.14 | 71% | 43% | 57% |
| Science - Biology | 8 | 15.00 | 50% | 50% | 50% |
| Science - Chemistry | 7 | 18.57 | 57% | 71% | 57% |
| Science - Other | 8 | 12.50 | 38% | 50% | 38% |
| Science - Physics | 10 | 18.00 | 80% | 40% | 60% |
| Social Science | 7 | 15.71 | 43% | 29% | 86% |